Realidad e irrealidad (Record no. 178566)

MARC details
000 -LEADER
campo de control de longitud fija 00731nam a22002055i 4500
001 - NÚMERO DE CONTROL
campo de control 178566
003 - IDENTIFICADOR DE NÚMERO DE CONTROL
campo de control ES-MaACL
005 - FECHA Y HORA DE LA ÚLTIMA TRANSACCIÓN
campo de control 20251009181525.0
008 - DATOS DE LONGITUD FIJA--INFORMACIÓN GENERAL
campo de control de longitud fija 110608s2001 sp |||| | spa d
020 ## - NÚMERO INTERNACIONAL ESTÁNDAR DEL LIBRO
Número Internacional Estándar del Libro 84-321-3370-1
080 ## - NÚMERO DE LA CLASIFICACIÓN DECIMAL UNIVERSAL
Número de la Clasificación Decimal Universal 1 Millán Puelles, Antonio
245 00 - MENCIÓN DEL TÍTULO
Título Realidad e irrealidad
Resto del título : estudios en homenaje al profesor Millán-Puelles /
Mención de responsabilidad, etc. coordinados por José A. Ibáñez-Martín.
260 ## - PUBLICACIÓN, DISTRIBUCIÓN, ETC.
Lugar de publicación, distribución, etc. Madrid :
Nombre del editor, distribuidor, etc. Rialp,
Fecha de publicación, distribución, etc. imp. 2001.
300 ## - DESCRIPCIÓN FÍSICA
Extensión 190 p. ;
Dimensiones 24 cm.
600 14 - PUNTO DE ACCESO ADICIONAL DE MATERIA--NOMBRE DE PERSONA
Nombre de persona Millán Puelles, Antonio,
Fechas asociadas al nombre 1921-2005-
Subdivisión general Homenajes
9 (RLIN) 81156
700 1# - ENTRADA AGREGADA--NOMBRE PERSONAL
Nombre de persona Millán Puelles, Antonio,
Fechas asociadas al nombre 1921-2005
9 (RLIN) 81155
700 1# - ENTRADA AGREGADA--NOMBRE PERSONAL
Nombre de persona Ibáñez-Martín, José A.
9 (RLIN) 143942
852 ## - LOCALIZACIÓN
Ubicación ES-MaACL
Número de control de estantería E-15307
Holdings
Estatus retirado Estado de pérdida Estado de daño No para préstamo Biblioteca de origen Biblioteca actual Ubicación en estantería Fecha de adquisición Fuente de adquisición Total de préstamos Signatura topográfica completa Código de barras Visto por última vez Precio de reemplazo Tipo de ítem Koha
        Biblioteca del Ateneo de Madrid Biblioteca del Ateneo de Madrid Depósito 2 08/06/2011     E-15307 1187575 23/02/2023 23/02/2023 Libro impreso